00359 a2200109 4500001001000000005001700010008004100027245006600068100002200134700002200156773007100178ART_4348020260410162024.0260409a 10aUndrestanding international differences in the gender pay gap1 aBlau, Francine D.1 aKahn, Lawrence M.0 tJournal of labor economicsg- Vol. 21, NÂș 1 (ene. 2003)wREV43438